000 00367 a2200109 4500
001 ART_52009
005 20260410162045.0
008 260409a
245 1 0 _aNormas dictadas como consecuencia del coronavirus (COVID-19)
100 1 _aBaldo, Alberto
773 0 _tImpuestos
_gImpacto económico-tributario del COVID-19 - N°74 (abr. 2020)
_wREV45175
999 _c35275
_d35275